000 00218nam a22000977a 4500
999 _c16265
_d16265
003 OSt
008 200626b ||||| |||| 00| 0 eng d
100 _aS. V. Khadilkar
_94659
245 _aEngineering Drawing
942 _cBK